000 01130nam a2200313 a 4500
001 000113218
003 CHAP
005 20220329144344.0
008 170518s2016 mx a fsm |||||||spa d
010 _a109679
011 _a110651
040 _cCHAP
090 _aTesis
100 1 _aMartínez Juárez, Graciela
_9132263
245 1 0 _aSelección de un sitio para relleno sanitario en el municipio de Acatzingo, Puebla /
_h[En línea]
_cpor Graciela Martínez Juárez.
260 _aChapingo, Méx. :
_bEl autor,
_c2016.
500 _aPara ver el contenido del material haga clic en la liga
502 _aTesis (Ing. en Recursos Naturales Renovables) -- UACH. Departamento de suelos
590 _aE8697GMM
_b05
_c20170518
_lUCH01
_h0847
590 _aE8697GMM
_b05
_c20170518
_lUCH01
_h1011
650 1 4 _aBasura
_xEliminación.
_910759
650 1 4 _aResiduos sólidos
_xControl.
_9132274
650 1 4 _aResiduos sólidos
_xImpacto ambiental.
_9132275
650 1 4 _aSuelos
_xAnálisis.
_9110204
856 _aFinding aid
_uhttp://10.13.5.2/tesis/sist113218.pdf
_zTeclea aquí
901 _aBK
942 _cTESIS
942 _n0
999 _c109679
_d109679